<?xml version="1.0" encoding="UTF-8"?>
<record
    xmlns:xsi="http://www.w3.org/2001/XMLSchema-instance"
    xsi:schemaLocation="http://www.loc.gov/MARC21/slim http://www.loc.gov/standards/marcxml/schema/MARC21slim.xsd"
    xmlns="http://www.loc.gov/MARC21/slim">

  <leader>01622nas0a22003251i 4500</leader>
  <controlfield tag="001">RU\NLR\DRGNLR\5330</controlfield>
  <controlfield tag="005">20240725031410.0</controlfield>
  <datafield tag="035" ind1=" " ind2=" ">
    <subfield code="a">(NLR Aleph) 010313902</subfield>
  </datafield>
  <datafield tag="090" ind1=" " ind2=" ">
    <subfield code="a">10646852</subfield>
    <subfield code="c">10646852</subfield>
  </datafield>
  <datafield tag="100" ind1=" " ind2=" ">
    <subfield code="a">20080514b1917    u  y0rusy50      ca</subfield>
  </datafield>
  <datafield tag="101" ind1="0" ind2=" ">
    <subfield code="a">rus</subfield>
  </datafield>
  <datafield tag="102" ind1=" " ind2=" ">
    <subfield code="a">RU</subfield>
  </datafield>
  <datafield tag="110" ind1=" " ind2=" ">
    <subfield code="a">cya||||||||</subfield>
  </datafield>
  <datafield tag="200" ind1="1" ind2=" ">
    <subfield code="a">&#x427;&#x430;&#x441;&#x43E;&#x432;&#x43E;&#x439; &#x43D;&#x430; &#x440;&#x435;&#x432;&#x43E;&#x43B;&#x44E;&#x446;&#x438;&#x43E;&#x43D;&#x43D;&#x43E;&#x43C; &#x43F;&#x43E;&#x441;&#x442;&#x443;</subfield>
    <subfield code="e">&#x41E;&#x440;&#x433;&#x430;&#x43D; &#x41A;&#x430;&#x437;&#x430;&#x43D;. &#x432;&#x43E;&#x435;&#x43D;.-&#x43E;&#x43A;&#x440;. &#x438;&#x441;&#x43F;&#x43E;&#x43B;&#x43D;. &#x43A;&#x43E;&#x43C;.</subfield>
    <subfield code="f">&#x41E;&#x442;&#x432;. &#x440;&#x435;&#x434;. &#x41A;.&#x413;&#x440;&#x430;&#x441;&#x438;&#x441;, &#x410;.&#x41A;&#x443;&#x447;&#x43A;&#x438;&#x43D;</subfield>
  </datafield>
  <datafield tag="210" ind1=" " ind2=" ">
    <subfield code="a">&#x41A;&#x430;&#x437;&#x430;&#x43D;&#x44C;</subfield>
    <subfield code="d">1917, 20 &#x43C;&#x430;&#x44F; - [?]</subfield>
  </datafield>
  <datafield tag="430" ind1=" " ind2="0">
    <subfield code="1">2001#$a&#x418;&#x437;&#x432;&#x435;&#x441;&#x442;&#x438;&#x44F; &#x41A;&#x430;&#x437;&#x430;&#x43D;&#x441;&#x43A;&#x43E;&#x433;&#x43E; &#x432;&#x43E;&#x435;&#x43D;&#x43D;&#x43E;-&#x43E;&#x43A;&#x440;&#x443;&#x436;&#x43D;&#x43E;&#x433;&#x43E; &#x43A;&#x43E;&#x43C;&#x438;&#x442;&#x435;&#x442;&#x430;</subfield>
    <subfield code="t">&#x418;&#x437;&#x432;&#x435;&#x441;&#x442;&#x438;&#x44F; &#x41A;&#x430;&#x437;&#x430;&#x43D;&#x441;&#x43A;&#x43E;&#x433;&#x43E; &#x432;&#x43E;&#x435;&#x43D;&#x43D;&#x43E;-&#x43E;&#x43A;&#x440;&#x443;&#x436;&#x43D;&#x43E;&#x433;&#x43E; &#x43A;&#x43E;&#x43C;&#x438;&#x442;&#x435;&#x442;&#x430;</subfield>
  </datafield>
  <datafield tag="430" ind1=" " ind2="0">
    <subfield code="1">2001#$a&#x420;&#x435;&#x432;&#x43E;&#x43B;&#x44E;&#x446;&#x438;&#x43E;&#x43D;&#x43D;&#x44B;&#x439; &#x442;&#x440;&#x438;&#x431;&#x443;&#x43D;</subfield>
    <subfield code="t">&#x420;&#x435;&#x432;&#x43E;&#x43B;&#x44E;&#x446;&#x438;&#x43E;&#x43D;&#x43D;&#x44B;&#x439; &#x442;&#x440;&#x438;&#x431;&#x443;&#x43D;</subfield>
  </datafield>
  <datafield tag="540" ind1="1" ind2=" ">
    <subfield code="a">&#x427;&#x430;&#x441;&#x43E;&#x432;&#x43E;&#x439; &#x43D;&#x430; &#x440;&#x435;&#x432;&#x43E;&#x43B;&#x44E;&#x446;&#x438;&#x43E;&#x43D;&#x43D;&#x43E;&#x43C; &#x43F;&#x43E;&#x441;&#x442;&#x443;</subfield>
  </datafield>
  <datafield tag="702" ind1=" " ind2="1">
    <subfield code="a">&#x413;&#x440;&#x430;&#x441;&#x438;&#x441;</subfield>
    <subfield code="b">&#x41A;.&#x418;.</subfield>
    <subfield code="g">&#x41A;&#x430;&#x440;&#x43B; &#x418;&#x432;&#x430;&#x43D;&#x43E;&#x432;&#x438;&#x447;</subfield>
    <subfield code="4">340</subfield>
  </datafield>
  <datafield tag="702" ind1=" " ind2="1">
    <subfield code="a">&#x41A;&#x443;&#x447;&#x43A;&#x438;&#x43D;</subfield>
    <subfield code="b">&#x410;.&#x41F;.</subfield>
    <subfield code="4">340</subfield>
  </datafield>
  <datafield tag="801" ind1=" " ind2="0">
    <subfield code="a">RU</subfield>
    <subfield code="b">NLR</subfield>
    <subfield code="c">20080514</subfield>
    <subfield code="g">PSBO</subfield>
    <subfield code="2">gzdor_isis</subfield>
  </datafield>
  <datafield tag="801" ind1=" " ind2="2">
    <subfield code="a">RU</subfield>
    <subfield code="b">NLR</subfield>
    <subfield code="c">20080514</subfield>
    <subfield code="g">PSBO</subfield>
    <subfield code="2">rusmarc</subfield>
  </datafield>
  <datafield tag="852" ind1=" " ind2=" ">
    <subfield code="a">NLR</subfield>
    <subfield code="j">&#x420;2/3458</subfield>
  </datafield>
  <datafield tag="942" ind1=" " ind2=" ">
    <subfield code="c">NEWSPAPER</subfield>
  </datafield>
  <datafield tag="980" ind1=" " ind2=" ">
    <subfield code="a">DRG</subfield>
  </datafield>
</record>
